000 00431nam a2200157Ia 4500
008 180921t1973 xxu||||| |||| 00| 0 eng d
041 _aeng
080 _a618.1
_bABA
100 _aAbayaratna, D.H.S.
245 _aA treatise on midwifery & general ailments of women & venereal diseases
260 _bRatnakara
_c1973
300 _a352p., ill., 22 cm
942 _cBK
999 _c14370
_d14370
003 LK-CoDNM
040 _aLK-CoDNM
_dLK-CoDNM
_eLK-CoDNM